000 00570nam a2200229Ia 4500
003 OSt
005 20221007071928.0
006 a|||||r|||| 00| 0
007 ta
008 221006b |||||||| |||| 00| 0 eng d
024 _a13,872
037 _cTextual
040 _aFLL
_cFLL
_beng
041 _2eng
_aeng
082 _aX:329, H8;K3
100 _aHicks J.R.
245 0 _aTheory of wages
260 _aLondon
_bMacmillan London
_c1966
300 _a388p
_ccm.
942 _hX:329, H8;K3
_cTEXL
_2CC
999 _c1144694
_d1144694